| Tag |
First Indicator |
Second Indicator |
Subfields |
| LEADER |
00000cam a2200000 a 4500 |
| 001 |
in00000081747 |
| 005 |
20151008054135.0 |
| 008 |
801020s1980 txu b s00010 engm |
| 010 |
|
|
|a 80622862
|
| 035 |
|
|
|a (OCoLC)06719703
|
| 035 |
|
|
|9 AAH9761AM
|
| 040 |
|
|
|a DLC
|c DLC
|d m.c.
|d TXA
|d UtOrBLW
|
| 043 |
|
|
|a n-us-tx
|
| 049 |
|
|
|a TXAM
|c [1422151]
|
| 050 |
0 |
0 |
|a HJ3835.T4
|b D86
|
| 082 |
0 |
|
|a 352.1/4
|2 19
|
| 100 |
1 |
|
|a Duncan, Harley T.
|
| 245 |
1 |
0 |
|a Local government idle funds management in Texas /
|c Harley T. Duncan.
|
| 264 |
|
1 |
|a [Austin] :
|b Lyndon B. Johnson School of Public Affairs, University of Texas at Austin,
|c [1980]
|
| 264 |
|
4 |
|c ©1980
|
| 300 |
|
|
|a x, 156 pages ;
|c 28 cm.
|
| 336 |
|
|
|a text
|b txt
|2 rdacontent
|
| 337 |
|
|
|a unmediated
|b n
|2 rdamedia
|
| 338 |
|
|
|a volume
|b nc
|2 rdacarrier
|
| 490 |
1 |
|
|a Special project report / Lyndon B. Johnson School of Public Affairs
|
| 504 |
|
|
|a Bibliography: pages 151-156.
|
| 650 |
|
0 |
|a Investment of public funds
|z Texas.
|
| 650 |
|
0 |
|a Local finance
|z Texas.
|
| 830 |
|
0 |
|a Special project report series.
|
| 999 |
|
|
|a MARS
|
| 999 |
f |
f |
|s dd64808c-9674-3555-bef5-6b975524209a
|i 459aecd2-beba-353c-bf4b-3708e86cabae
|t 0
|
| 952 |
f |
f |
|p ric
|a Texas A&M University
|b Rellis Campus
|c Joint Library Facility
|d Remote Storage
|t 0
|e HJ3835.T4 D86
|h Library of Congress classification
|i unmediated -- volume
|m A14806138387
|
| 998 |
f |
f |
|a HJ3835.T4 D86
|t 0
|l Remote Storage
|